KOHA-Header-6

Strategic Management in Information Technology (Record no. 6569)

000 -LEADER
fixed length control field 00288nam a2200109Ia 4500
100 ## - MAIN ENTRY--AUTHOR NAME
Personal name David B. Yoffie
245 #0 - TITLE STATEMENT
Title Strategic Management in Information Technology
260 ## - PUBLICATION, DISTRIBUTION, ETC. (IMPRINT)
Place of publication India
Name of publisher Prentice Hall Inc.
Year of publication 1994
300 ## - PHYSICAL DESCRIPTION
Number of Pages 380
942 ## - ADDED ENTRY ELEMENTS (KOHA)
Koha item type Books
Holdings
Withdrawn status Lost status Collection code Permanent Location Current Location Shelving location Date acquired Full call number Accession Number Koha item type
    Management MAJU MAJU   2019-09-07 005.78 2929 Management

Powered by Koha